| 000 | 00398nam a2200157 a 4500 | ||
|---|---|---|---|
| 001 | 4268 | ||
| 003 | CDMR | ||
| 005 | 20131024171048.0 | ||
| 008 | 130130s1988||||||||||||||||||||||||||||d | ||
| 020 | _a8401607590 | ||
| 040 |
_aCDMR _bcat _cCPC GIRONA |
||
| 245 | 0 | _aCrónica del año 1988 | |
| 260 |
_c1988 _bPlaza & Janés _aEsplugues de Llobregat |
||
| 650 | 0 | 4 |
_94071 _aEspanya _vAnuaris |
| 942 |
_cMON _2udc |
||
| 999 |
_c4268 _d4268 |
||